000 002800000a22000970004500
100 1 _aMendivelso Gil, Ana Isabel
245 1 0 _aFeminización de la epidemia VIH Y SIDA
300 _aVol.17, núm.17 (Junio, 2005), Páginas 18-19
773 0 _tLa Voz Luterana de Colombia
942 _cANA
999 _c60544
_d60544